000
00213 a2200097 4500
001
4055
100
_a
Terman, F R
245
_a
Electronic & Radio engineering
260
_a
_b
MC-Graw-Hill
_c
090
_c
3275
_d
3275
942
_a
NUST-CAE
_c
M
_c
25280
999
_c
239128
_d
239128